000 00402 a2200157 4500
001 71831
020 _a8508083262
040 _cAnchieta - Colégio São Paulo
100 _aCarrasco, Walcyr
240 1 0 _aO golpe do aniversariante e outras crônicas
_lpor
245 1 0 _aO golpe do aniversariante e outras crônicas
300 _a128
362 0 _a2005
650 4 _aLiteratura juvenil
942 _cBK
999 _c71831
_d71831